000 00523ntaaa2200193 4500
003 01
005 20251027202119.0
008 0714s1973 ag 01
040 _aAR-BaBN
_bspa
_cAR-BaBN
_eaacr
_dRIC
082 _a253.2000 St4
100 _aStevenson, Dwight E
245 _aThe false prophet
250 _a1 ed.
260 _aNew York :
_bAbingdon Press,
_cc1965
300 _a142 p
500 _a"El profeta falso".Estudio del pastor quien no es llamado y no cumple con su función.
650 _apastor
942 _cBK
999 _c16025
_d16025